A FRAME WORK FOR EFFECTIVE INFORMATION SECURITY RISK MANAGEMENT IN KENYAN PUBLIC UNIVERSITIES (Record no. 216069)

MARC details
000 -LEADER
fixed length control field 00555nam a22001577a 4500
008 - FIXED-LENGTH DATA ELEMENTS--GENERAL INFORMATION
fixed length control field 250902b |||||||| |||| 00| 0 eng d
050 ## - LIBRARY OF CONGRESS CALL NUMBER
Classification number THE LB 2866 .M 33 2020
Item number 1
100 ## - MAIN ENTRY--PERSONAL NAME
Personal name NJOROGE, MACHARIA PATRICK
245 ## - TITLE STATEMENT
Title A FRAME WORK FOR EFFECTIVE INFORMATION SECURITY RISK MANAGEMENT IN KENYAN PUBLIC UNIVERSITIES
260 ## - PUBLICATION, DISTRIBUTION, ETC.
Place of publication, distribution, etc. KISII UNIVERSITY,
Name of publisher, distributor, etc. KISII UNIVERSITY,
Date of publication, distribution, etc. 2020,
300 ## - PHYSICAL DESCRIPTION
Extent XVi, 141 P, ILL
500 ## - GENERAL NOTE
General note INCLUDES BIBLIOGRAPHIC REFERENCE
650 ## - SUBJECT ADDED ENTRY
Topical term or geographic name entry element UNIVERSITIES SECURITY MEASURES-kENYA
942 ## - ADDED ENTRY ELEMENTS (KOHA)
Source of classification or shelving scheme Library of Congress Classification
Koha item type Reference
Holdings
Withdrawn status Lost status Source of classification or shelving scheme Damaged status Not for loan Collection Home library Current library Shelving location Date acquired Inventory number Total checkouts Full call number Barcode Date last seen Copy number Price effective from Koha item type
    Library of Congress Classification     Arts & Social Sciences Kisii University Library Kisii University Library On Display 09/02/2025 108013   THE LB 2866.M33 2020 000000024528 09/02/2025 C.1 09/02/2025 Long Loan Book